200 rappeurs en photo - Statistiques

Statistiques générales
  • Ce quiz a été pris 125 fois
  • Le résultat moyen est 74 sur 200
Statistiques - réponses
Par images Réponse % Correct
Gims
100%
Booba
98%
Jul
96%
Dadju
94%
Kaaris
93%
Naps
93%
PLK
93%
Soprano
93%
Aya Nakamura
92%
PNL
92%
Werenoi
92%
Niska
91%
SCH
91%
Damso
90%
Koba la D
90%
Naza
90%
Ninho
89%
SDM
89%
Hamza
88%
Nekfeu
88%
Vald
88%
Lafouine
86%
Tiakola
86%
Zola
86%
Gazo
85%
Kalash
83%
Alonzo
80%
Favé
80%
Kalash Criminel
80%
Rim'K
80%
Maes
79%
Diam's
77%
L2B
76%
Tayc
74%
Theodora
74%
RK
73%
RnBoi
73%
Soolking
72%
Lacrim
71%
Freeze Corleone
70%
MHD
70%
Shay
70%
Djadja&Dinaz
68%
Dinos
67%
Gradur
66%
La Mano
66%
Leto
66%
Guy2Bezbar
65%
Wejdene
65%
Youssoupha
65%
Dau
59%
Franglish
59%
Gambi
59%
Heuss l'enfoiré
59%
Guizmo
58%
Bosh
57%
Fresh
57%
NTM
57%
Jok'air
56%
Kerchak
56%
Laylow
56%
Lomepal
56%
L'Algérino
55%
Rohff
55%
Nono la Grinta
53%
Da Uzi
52%
Ronisia
52%
Ziak
52%
Alpha Wann
51%
IAM
51%
Niro
51%
Houdi
50%
Keblack
50%
Nepal
49%
ZKR
48%
Jolagreen
47%
La Fève
46%
Luv Resval
46%
Josman
45%
Yanns
44%
Alkpote
41%
Menace Santana
41%
Oboy
40%
Oxmo Puccino
40%
R2
40%
Rsko
38%
Genezio
36%
Timar
36%
UZI
36%
Ashe 22
35%
Vegedream
35%
1PLIKE140
34%
Dadi
34%
Kekra
34%
AMK
31%
Clara Charlotte
31%
Bolémvn
30%
Fresh la Douille
30%
ISK
30%
La Rvfleuze
30%
Timal
30%
Yorssy
30%
29%
Youssef Swatt's
28%
Bouss
26%
KLN
26%
Eve la Marka
25%
IDS
25%
Zed
24%
D2
23%
Saïf
23%
Green Montana
22%
Niaks
22%
Gambino
21%
NeS
21%
J9ueve
20%
Guerta
19%
Kodes
19%
Shayne
19%
KLM
18%
2 Mètres
17%
ElGrandeToto
17%
Jeune Lion
17%
Diddi Trix
16%
Beendo Z
15%
JRK 19
15%
Le Crime
15%
TRZ
15%
HLD
14%
Maks
14%
Mougli
14%
Jeune Morty
13%
Bilouki
11%
BU$HI
11%
JKSN
11%
La Chine
11%
Bara
10%
La Hasba 22
10%
Gambino la MG
9%
Jamso
9%
Liim's
9%
WIXO & LA2S
9%
ZZ
9%
Batbat
8%
Elso
8%
Fallon
8%
Himra
8%
Sherifflazone
8%
Dexter HMC
7%
Hös Copperfield
7%
Konieur
7%
La Kadrilla
7%
Level Santana
7%
MALTY 2BZ
7%
Waïv
7%
Brésilien
6%
Elams
6%
ISS
6%
Pirate
6%
RDN
6%
Doulkha
5%
MattKe
5%
Mola
5%
Neskoo
5%
Roni0block
5%
Scott
5%
Skima
5%
TVLM
5%
Cacaouete
4%
Chakal
4%
CKS
4%
Heykel
4%
LA TACHE
4%
Trixxo
4%
2zg
3%
Anglade
3%
La Tatpa 1.3
3%
MKM
3%
S2
3%
Shippeur
3%
Yamine
3%
Yoko
3%
Andos
2%
Chaax
2%
Dopelym
2%
DYDY'R
2%
Dyres
2%
Elias B4C
2%
HD LA R
2%
Hedav B
2%
K D Z
2%
Kosra
2%
Raous gang
2%
TAFTAF
2%
V2 Almz
2%
VR MLP
2%
Wawess
2%
Xvtraknar
2%
YLR
2%
Zaaki
2%
Aucun quiz correspondant
Distribution des résultats
% des personnes avec chaque résultat
Percentile par nombre de réponses
Votre historique - résultats
Vous n’avez pas pris ce quiz